000
00300nam a2200109 4500
999
_c
9559
_d
9559
008
180707b ||||| |||| 00| 0 eng d
245
_a
Ex-guv, 5 others guilty of graft.
260
_a
Davao City
_b
Sun Star Davao
_c
c2016
300
_a
page 4.
650
0
_9
28433
_a
Political corruption.
942
_2
ddc
_c
PER